Protein Chromatography: Process Development and Scale -Up

Na minha lista:
Detalhes bibliográficos
Main Authors: Carta, Giorgio, Jungbauer, Alois (Author)
Formato: Livro
Idioma:inglês
Publicado em: Weinheim Wiley-VCH-Verl. 2010
Assuntos:
Acesso em linha:View in OPAC
Tags: Adicionar Tag
Sem tags, seja o primeiro a adicionar uma tag!

MARC

LEADER 00000nam a2200000 a 4500
005 20260127134138.0
008 120404 2010 000 0 eng d
020 |a 9783527318193 
035 |a vtls010350558 
039 9 |y 201204041254  |z mschk03 
040 |a STUSCHK1  |b slo  |c STUSCHK1  |e AACR2 
100 1 |a Carta, Giorgio 
245 1 |a Protein Chromatography:  |b Process Development and Scale -Up  |c Giorgio Carta, Alois Jungbauer 
260 |a Weinheim  |b Wiley-VCH-Verl.  |c 2010 
300 |a xvii, 346 s.  |b il.  |c 25 cm 
650 0 |a proteine 
650 0 |a Chromatographie 
700 1 |a Jungbauer, Alois  |4 aut 
910 |a SCHK95 
919 |a 978-3-527-31819-3 
999 |c 5134  |d 5134